000
00290nam a22001337a 4500
008
170407b xxu||||| |||| 00| 0 eng d
020
_a
9780078042911
041
_a
eng
080
_2
3RD
_a
616
100
_a
9
101
_a
SHM
245
_a
PATHOPHYSIOLOGY
_c
NOWAK, TH.J
942
_2
udc
_c
BK
999
_c
10111
_d
10111